Govt. of
Madhya Pradesh

Patterns of Panchayati Raj in India (Record no. 6748)

MARC details
000 -LEADER
fixed length control field 004690000a22001810004500
003 - CONTROL NUMBER IDENTIFIER
control field MACL
005 - DATE AND TIME OF LATEST TRANSACTION
control field 20150715140206.0
008 - FIXED-LENGTH DATA ELEMENTS--GENERAL INFORMATION
fixed length control field 150715b xxu||||| |||| 00| 0 eng d
040 ## - CATALOGING SOURCE
Original cataloging agency MACL
Transcribing agency MACL
041 ## - LANGUAGE CODE
Language code of text/sound track or separate title English
082 ## - DEWEY DECIMAL CLASSIFICATION NUMBER
Classification number 324/RED
100 ## - MAIN ENTRY--PERSONAL NAME
Personal name Reddy, G Ram
9 (RLIN) 2190
245 ## - TITLE STATEMENT
Title Patterns of Panchayati Raj in India
260 ## - PUBLICATION, DISTRIBUTION, ETC. (IMPRINT)
Name of publisher, distributor, etc. The Macmillan Company of India Limited
Date of publication, distribution, etc. 1977
Place of publication, distribution, etc. Madras
350 ## - PRICE (NR) (BK AM CF MU VM SE) [OBSOLETE]
Price 29
650 ## - SUBJECT ADDED ENTRY--TOPICAL TERM
Topical term or geographic name as entry element Political Science
9 (RLIN) 88
942 ## - ADDED ENTRY ELEMENTS (KOHA)
Koha item type Books
Call number prefix 324
Source of classification or shelving scheme
Holdings
Withdrawn status Lost status Source of classification or shelving scheme Damaged status Not for loan Home library Current library Date acquired Cost, normal purchase price Total Checkouts Full call number Barcode Date last seen Uniform Resource Identifier Price effective from Koha item type
          MACL MACL 15/04/2015 29.00   324/RED CRE002544 02/05/2024 6684 15/04/2015 Books